Sintesis de derecho procesal civil

保存先:
書誌詳細
第一著者: Jorquera Lorca, René (著者)
フォーマット: 図書
言語:スペイン語
出版事項: Santiago Jurídica La Ley 1992
主題:
タグ: タグ追加
タグなし, このレコードへの初めてのタグを付けませんか!

MARC

LEADER 00000nam a2200000 a 4500
001 UCZ4377
003 CL-VaPUC
008 951109e19920000CL |||||||||||||||||spa|d
082 0 4 |a 347.8305  |b JOR  |2 21 
100 |a Jorquera Lorca, René  |e author  |9 596939 
245 1 0 |a Sintesis de derecho procesal civil 
300 |a 482 p 
942 |c BK 
945 |d 19951109 00:00:00  |a rbrito 
260 |a Santiago  |b Jurídica La Ley  |c 1992 
650 0 |a Derecho procesal civil  |9 258071 
650 0 |a Recursos procesales  |9 255595 
650 0 |a Procedimiento penal  |9 254974 
650 7 |a JUICIO ORDINARIO  |2 CL-VaPUC  |9 254867 
650 7 |a JUICIOS ESPECIALES  |2 CL-VaPUC  |9 348378 
650 0 |a Jurisdicción voluntaria  |9 348379 
583 |a last modification  |c 19951109 00:00:00  |k Rodrigo Vera 
999 |c 240778  |d 240776 
952 |0 0  |1 0  |4 0  |6 347_830500000000000_JOR_1992  |7 0  |8 A  |9 252807  |a BIBDER  |b BIBDER  |d 2019-11-18  |i 314786K  |o 347.8305 JOR 1992  |p 314786K  |r 2023-01-25  |w 2019-11-18  |y BK  |k DER